Hermitcraft Season 7 Members - Statistics

General Stats
  • This quiz has been taken 917 times
    893 since last reset
  • The average score is 17 of 24
Answer Stats
Answer % Correct
Grian
99%
Mumbo Jumbo
98%
GoodTimesWithScar
92%
Iskall85
86%
ZombieCleo
82%
Falsesymmetry
80%
Impulsesv
80%
Xisumavoid
80%
Bdoubleo100
79%
TangoTek
76%
StressMonster
74%
Rendog
73%
EthosLab
72%
Keralis
70%
Cubfan135
68%
Docm77
67%
JoeHills
66%
Ijevin
63%
Zedaph
63%
TinFoilChef
62%
Vintagebeef
61%
Welsknight
58%
xBCrafted
52%
Hypnotizd
49%
No matching quizzes found
Score Distribution
Percent of People with Each Score
Percentile by Number Answered
Your Score History
You have not taken this quiz since the last reset